Olympics Host Cities A-Z - Statistics

General Stats
  • This quiz has been taken 601 times
    277 since last reset
  • The average score is 11 of 15
Answer Stats
Hint Answer % Correct
B Barcelona I Beijing I Berlin I Brussels
97%
A Albertville I Amsterdam I Antwerp I Athens I Atlanta
96%
L Lake Placid I Lillehammer I London I Los Angeles
96%
M Melbourne I Mexico City I Milan I Montreal I Moscow I Munich
95%
S Salt Lake City I Sapporo I Sarajevo I Seoul I Sochi I Squaw Valley I St Louis I St Moritz I Stockholm I Sydney
94%
P Paris I Pyeongchang
91%
R Rio de Janeiro I Rome
89%
T Tokyo I Turin
89%
O Oslo
71%
H Helsinki
64%
V Vancouver
63%
C Calgary I Chamonix I Cortina d'Ampezzo
58%
I Innsbruck
45%
G Garmisch-Partenkirchen I Grenoble
34%
N Nagano
29%
No matching quizzes found
Score Distribution
Percent of People with Each Score
Percentile by Number Answered
Your Score History
You have not taken this quiz since the last reset